000 00639nam a2200217Ia 4500
005 20260429111934.0
008 260429s9999||||xx |||||||||||||| ||und||
020 _a9789386559586
041 _aEnglish
082 _a547.05
_bSRI
100 _aSrivastava, Krishna Mohan
245 0 _aOrganometallic chemistry /
_cKrishna Mohan Srivastava
250 _a1st ed.
260 _aNew Delhi :
_bVenus Books, Publishers & Distributors,
_c2023.
300 _aviii, 232 p.; hb
650 _a Chemical synthesis
650 _a Coordination compounds
650 _a Inorganic chemistry
650 _aOrganometallic chemistry
942 _cTB
999 _c51522
_d51522